Villes Françaises de A à Z - Statistiques

Statistiques générales
  • Ce quiz a été pris 485 fois
  • Le résultat moyen est 14 sur 25
Statistiques - réponses
Lettre Indice(s) Ville % Correct
P Tour Eiffel - Champs Élysées Paris
93%
M Vélodrome - Le Vieux Port Marseille
91%
T Ville Rose Toulouse
89%
N La Promenade des Anglais Nice
87%
Q Bretagne Quimper
85%
O Jeanne d'Arc Orléans
82%
S Réconciliation - Parlement Européen Strasbourg
81%
A Château - Tapisserie - SCO Angers
78%
R Bouchon de Champagne - Raymond Kopa Reims
77%
B Place de la Bourse Bordeaux
74%
E Eau - Lac Léman Évian-les-Bains
74%
L La Tour Crayon Lyon
60%
F Plage - Var Fréjus
53%
D Palais des Ducs - Porte Guillaume Dijon
49%
H Var - Cures thermales Hyères
47%
C Place de Jaude - ASM Clermont-Ferrand
46%
I Bouches-du-Rhône - Base Aérienne Istres
41%
K Guyane Kourou
41%
G Les "Bulles" Grenoble
36%
V Maison des Têtes - Saint-Apollinaire Valence
25%
U Corrèze Ussel
20%
W Nord - Frontière Belge Wattrelos
14%
Y Normandie Yvetot
11%
J Meurthe-et-Moselle - Château de Wendel Jœuf
4%
X Vosges Xertigny
4%
Aucun quiz correspondant
Distribution des résultats
% des personnes avec chaque résultat
Percentile par nombre de réponses
Votre historique - résultats
Vous n’avez pas pris ce quiz